[Event "3rd Kalamazoo Scholastic U12"]
[Site "Kalamazoo, MI"]
[Date "2003.01.25"]
[Round "3"]
[White "McGrew, Bethel"]
[Black "Vriesman, Michael"]
[Result "1-0"]
[WhiteElo "1076"]
[BlackElo "1028"]
[Annotator "Tim McGrew"]
[PlyCount "125"]
[EventDate "2003.01.25"]

{French: Steinitz} 1. d4 d5 2. e4 e6 3. Nc3 Nf6 4. e5 Nfd7 5. Nf3 Bb4 $6 {This
is not by any means a blunder, but it shows that Black is a bit out of his
depth in this French position.} ({The theoretically preferred move is} 5... c5
{gaining some space on the queen-side right away.}) 6. Bd3 Bxc3+ $6 {Another
small misstep. Usually Black waits for White to provoke this exchange with a3.
That puts Black effectively a tempo ahead of where he would have been, and
White often takes yet another tempo to play a4 in order to clear the a3 square
for his dark-square bishop.} 7. bxc3 O-O 8. O-O {This is a fine, solid move,
but it is a bit stereotyped.} (8. Bxh7+ $1 {right away would rock the Black
castle to its foundations.}) 8... Nc6 9. Bf4 ({Last chance for} 9. Bxh7+ $1)
9... f6 $1 {Michael correctly recognizes that he needs to free his cramped
position with a pawn break. This is a good way to start the freeing process.}
10. Qd2 $6 {White is intent on developing, but here this allows Black to carry
out an important series of exchanges to free his game.} (10. exf6 $1 Nxf6 11.
Ne5 $1 {sinks a piece into the hole at e5.}) 10... b6 $6 (10... fxe5 $1 11.
Bxe5 Rxf3 $1 12. gxf3 Ndxe5 13. dxe5 Nxe5 {would go a long way toward freeing
Black. The material investment is small, and every single one of White's pawns
is isolated -- making all endings uninviting.}) 11. c4 $5 {It is better to
take on f6, but this idea is interesting as well. White's better development
and greater space could spill over into nasty tactics if the center comes open.
} Ne7 (11... fxe5 {is still best, though now White can mix things up with} 12.
cxd5 Nxd4 13. Nxd4 exd4 14. dxe6 {with a sharp position.}) 12. cxd5 Nxd5 13.
Be4 $5 (13. Bg3 {is objectively strongest, preserving the bishop, but at least
White is trying to use her bishops on the increasingly open central lines.})
13... c6 14. c4 Ba6 $2 {This brave attempt to get piece activity involves a
miscalculation.} 15. cxd5 $1 cxd5 16. Bd3 $1 {So White has won a piece for a
pawn. But the game is by no means over!} Bxd3 17. Qxd3 fxe5 18. Bxe5 Nxe5 19.
dxe5 $6 (19. Nxe5 $1 {would put the knight on a dream square and leave Black
with no hope of counterplay.}) 19... a5 20. Rac1 Rc8 21. Rxc8 Qxc8 22. Rb1 Qc7
23. Ng5 $5 {An interesting sortie.} Rf5 $1 {This is the only reasonable
defense.} 24. Nxe6 ({It might be better to cut down on Black's counterplay by} 
24. f4) 24... Qxe5 25. Qe3 {The correct large strategy: White tries to
simplify to make her extra piece count.} Qxe3 26. fxe3 Re5 27. Rxb6 Rxe3 28.
Ra6 Re4 $2 {This gives White a chance for a quick finish, which she misses.}
29. Nc5 $2 (29. Ra8+ $1 Kf7 30. Ng5+ {picks up the exchange and renders the
win trivially easy.}) 29... Rc4 30. Rxa5 d4 31. a4 Rc3 32. Kf2 d3 {Here a
time-delay clock was inserted to speed up the game, with each player having
ten minutes. Neither player was wholly comfortable with this, and their
nervousness only increased as the time spiraled down.} 33. Ke1 g5 34. Kd2 (34.
g3 {would save a king-side pawn, making the win a little cleaner.}) 34... Rc2+
35. Kxd3 Rxg2 36. Ra8+ Kg7 37. a5 g4 {Michael correctly makes a run for it
with the king-side pawns.} 38. a6 Rxh2 39. a7 g3 {Black hopes that each side
will get a queen.} (39... Ra2 {is the only way to stop the pawn from queening.}
) 40. Rg8+ $1 {Black doesn't get another chance to put a rook behind the
a-pawn.} Kxg8 41. a8=Q+ Kg7 42. Qa1+ Kg6 43. Qg1 $1 {So the pawn is not only
stopped but won.} Rh3 44. Qg2 Rh5 45. Qxg3+ Rg5 {Now White's win is
"technical" but not necessarily trivial.} 46. Qd6+ Kh5 47. Qc7 h6 48. Ne4 $1
Rg4 $2 49. Qh2+ $2 {A pair of time pressure oversights.} (49. Nf6+ $1 {would
shorten the game.}) 49... Kg6 50. Ke3 h5 51. Nf2 Rg5 52. Kf4 Rf5+ 53. Kg3 Rg5+
54. Kh4 {This may not be the fastest winning plan, but it is a sensible one.
White blockades the pawn so that the queen and knight are free to go after the
Black king.} Rf5 55. Qg3+ Kh6 56. Ng4+ $6 {This does simplify the position
into a technical win, but I'm sure neither player knew how difficult that
particular ending can be!} (56. Ne4 $1 {would be the logical next step,
preparing for Qd6+ and Ng5 when Black's king is falling into a mating net.})
56... hxg4 57. Qxg4 Re5 $2 {The final mistake, moving the rook away from the
king. Now White nips off the piece and finishes without further incidents.} 58.
Qf4+ $1 Kg6 59. Qxe5 Kf7 60. Kg5 Kf8 61. Kf6 Kg8 62. Qg5+ Kh8 63. Qg7# {A
tremendous fighting game from both players.} 1-0

[Event "Michigan Primary Team K-3"]
[Site "Spring Lake, MI"]
[Date "2003.02.01"]
[Round "5"]
[White "Snider, Emma"]
[Black "Shetty, Atulya"]
[Result "0-1"]
[WhiteElo "707"]
[BlackElo "1283"]
[Annotator "Tim McGrew"]
[PlyCount "48"]
[EventDate "2003.02.01"]

1. d4 d5 2. Qd3 {Perhaps White wants to fight for the e4 square -- a good idea
-- but the queen is not the right piece to give assistance here.} c5 $1 3. Bf4
Nc6 4. Nc3 $2 {This allows Black to take over the center -- but only with the
right order of moves.} Nxd4 $2 {Not this way!} (4... cxd4 $1 5. Nb5 e5 $1 {
gives Black an extra pawn and a magnificent position in the center.}) 5. e3 $1
Bf5 $6 {This looks good, but there is a tactical hole in it.} 6. Qd2 $2 {White
blinks!} (6. Qxf5 $1 Nxf5 7. Bb5+ Qd7 8. Bxd7+ Kxd7 9. Nxd5 {and now that the
dust has settled the position is close to equal.}) 6... Nxc2+ 7. Kd1 Nxa1 8.
Bb5+ {Too late now!} Bd7 9. Bxd7+ Qxd7 10. Nf3 Rd8 11. Re1 d4 12. Ne4 e6 13.
Bg5 Be7 14. Bxe7 Nxe7 15. Qc2 $4 {We could draw the curtain here, but the
final position is rather remarkable.} Nxc2 16. Kxc2 d3+ 17. Kb3 c4+ 18. Kxc4
Qd5+ 19. Kb4 a5+ 20. Ka4 Qxa2+ 21. Kb5 Rd5+ 22. Kb6 Qb3+ 23. Ka7 Nc6+ 24. Ka8
O-O# {There can't be many such finishes in the history of the game!} 0-1

[Event "Michigan Elementary Team K-6"]
[Site "Spring Lake, MI"]
[Date "2003.02.01"]
[Round "5"]
[White "Johnson, David"]
[Black "Rogers, Eric"]
[Result "0-1"]
[WhiteElo "721"]
[BlackElo "818"]
[Annotator "Tim McGrew"]
[PlyCount "64"]
[EventDate "2003.02.01"]

1. Nf3 Nf6 2. g3 Nc6 3. Bg2 e5 4. d3 Bc5 5. O-O {This position also arose in
Johnson-Hudson, but here Black plays with more attention to the center pawns.}
d6 6. Nc3 Bg4 7. Na4 Bxf3 (7... Bb6 {is probably a bit better, since after} 8.
Nxb6 axb6 {Black's center remains intact.}) 8. Bxf3 O-O 9. Nxc5 dxc5 10. Bg5
Rc8 $2 {This move is pointless: the rook does nothing useful on c8.} 11. c3 Re8
12. Rb1 Re6 $2 {Tactics alert!} 13. b4 $6 {Not bad -- not best.} (13. Bg4 $1 {
picks up the exchange.}) 13... cxb4 14. cxb4 Nd4 15. Bg4 Rb6 16. Bxc8 Qxc8 {So
White has a clear advantage. But there are those light squares around the king
to worry about...} 17. Be3 Qh3 18. f4 $2 {Heedless of the danger.} (18. f3 $1 {
keeps a knight out of g4 and leaves White with the better prospects.}) 18...
Ng4 $1 {Now it is White who loses an exchange because of the mate threat at h2.
} 19. Rf2 Nxf2 20. Bxf2 Rh6 $1 {Well played! Black consistently focusses on
the weak pawn at h2.} 21. e3 Qxh2+ 22. Kf1 Qh1+ 23. Bg1 Qh3+ {The rest is a
mop-up, but Black might have played a bit more efficiently.} (23... Rh2 $1 {
forces a quick mate:} 24. exd4 Qg2+ 25. Ke1 Qxg1#) 24. Ke1 Qxg3+ 25. Kd2 Nf3+
26. Kc1 Rh1 27. fxe5 Rxg1 28. d4 Rxd1+ 29. Kxd1 Qe1+ 30. Kc2 Qd2+ 31. Kb3 b5
32. Rb2 Qxe3+ 0-1

[Event "Michigan Elementary Team K-6"]
[Site "Spring Lake, MI"]
[Date "2003.02.01"]
[Round "3"]
[White "Johnson, David"]
[Black "Hudson, Deandre"]
[Result "0-1"]
[WhiteElo "721"]
[BlackElo "1000"]
[Annotator "Tim McGrew"]
[PlyCount "38"]
[EventDate "2003.02.01"]

1. Nf3 Nc6 2. g3 e5 3. d3 Bc5 4. Bg2 Nf6 5. O-O {A contrast in styles. White
develops on the hypermodern plan while Black develops classically. If Black
were now to play 5...d5 or even 5...d6 or 5...0-0, we would see a fine
struggle develop. Instead, Black drops a pawn with a premature attempt at
piece activity.} Nd4 6. Nxe5 d6 7. Nf3 Nxf3+ 8. Bxf3 O-O {So Black is a pawn
down. Yet the classical development still gives Black active pieces. It
shouldn't be anywhere near compensation for the pawn, but what happens next is
evidence that even this much piece activity is, at least at elementary levels,
a very significant factor.} 9. Nc3 Bh3 10. Re1 Bg4 11. Bxb7 Rb8 12. Bc6 {White
is picking up stray pawns handily, but his bishop is making an awful lot of
moves while the queen-side pieces sit idly by.} Bh3 (12... d5 $5 {is an inte
resting idea, trying to lock the bishop out of the king-side so that Black can
mount an attack on the light squares there. Again, it is not enough to
compensate for the two pawns but in such positions one takes what one can get.}
) 13. Na4 Nh5 {Clearly Black wants the f6 square for the queen, but this
allows the pawn situation on the queen-side to deteriorate further.} 14. Nxc5
dxc5 15. Bf3 g6 16. Bh6 Re8 17. Bc6 Re6 18. Ba4 $4 {The bishop has made -- how
many moves? Count them up! Yes, seven of White's first 18 moves have been with
this bishop, and now it is far from home and the light squares on the
king-side are weak after all.} (18. Bh1 {is relatively best, keeping the
bishop for the defense of the king-side.}) 18... Qd5 $6 {This should be too
blunt to work, but White snaps at the bait and tries to skewer Black...} (18...
g5 {traps White's darks-quare bishop and gives Black a reason to stay in the
game, though after} 19. Bxg5 Qxg5 {Black's pawn structure is the very picture
of misery.}) 19. Bb3 $4 {Missing the point.} (19. e4 $1 {stops the hanky-panky
on the king-side.}) 19... Qg2# 0-1

[Event "Michigan Elementary Team K-6"]
[Site "Spring Lake, MI"]
[Date "2003.02.01"]
[Round "2"]
[White "Johnson, Anders"]
[Black "Johnson, David"]
[Result "0-1"]
[WhiteElo "980"]
[BlackElo "721"]
[PlyCount "122"]
[EventDate "2003.02.01"]

1. e4 c5 2. Nf3 d6 3. d4 cxd4 4. Nxd4 Nf6 5. Nc3 g6 6. Bb5+ Bd7 7. Be2 Bg7 8.
Be3 O-O 9. Nf3 Nc6 10. Qd2 Qa5 11. Bh6 Nxe4 12. Nxe4 Qxd2+ 13. Bxd2 d5 14. Nc5
Bf5 15. O-O-O b6 16. Bb5 Rac8 17. Nb3 Na5 18. Nxa5 Rxc2+ 19. Kb1 bxa5 20. Ba4
Rxd2+ 21. Kc1 Rxd1+ 22. Rxd1 Rc8+ 23. Kd2 Bxb2 24. Re1 Bc3+ 25. Kd1 Bxe1 26.
Kxe1 Rc4 27. Bb3 Rc1+ 28. Kd2 Rb1 29. Bxd5 Rb2+ 30. Ke3 e6 31. Bc4 Rc2 32. Bb3
Rc3+ 33. Kf4 Bc2 34. Bxc2 Rxc2 35. Kg3 Rc3 36. Kh3 f5 37. g3 e5 38. Nxe5 Ra3
39. f4 Rxa2 40. Nf3 Rf2 41. Nd4 a4 42. Nb5 a6 43. Na3 Rf3 44. Nc2 a3 45. Kg2
Rc3 46. Na1 Rc1 47. Nb3 Rb1 48. Nd2 Rb2 49. Kh3 Rxd2 50. g4 Rd3+ 51. Kh4 fxg4
52. Kxg4 a2 53. f5 gxf5+ 54. Kxf5 Rd6 55. Ke5 Rh6 56. Kd4 a1=Q+ 57. Ke3 Rh4 58.
Kf3 Qa3+ 59. Kg2 Rb4 60. h3 Rb2+ 61. Kg1 Qa1# 0-1

[Event "Michigan Elementary Team K-6"]
[Site "Spring Lake, MI"]
[Date "2003.02.01"]
[Round "4"]
[White "Haengel, Eric"]
[Black "Johnson, David"]
[Result "1-0"]
[WhiteElo "931"]
[BlackElo "721"]
[PlyCount "53"]
[EventDate "2003.02.01"]

1. e4 c5 2. d4 cxd4 3. Nf3 Nc6 4. Nxd4 Nxd4 5. Qxd4 Nf6 6. Be3 g6 7. Be2 Bg7 8.
e5 Qb6 9. Qxb6 axb6 10. exf6 Bxf6 11. Bxb6 Bxb2 12. Bd4 Bxa1 13. Bxa1 O-O 14.
Bc4 Ra4 15. Bb3 Re4+ 16. Kd2 e6 17. Re1 Rf4 18. f3 d5 19. Nc3 Rd4+ 20. Ke3 e5
21. Nxd5 Rh4 22. h3 Bd7 23. Nf6+ Kh8 24. Nxd7 Kg8 25. Bxe5 Re8 26. Nf6+ Kg7 27.
Nxe8+ 1-0

[Event "Michigan Elementary Team K-6"]
[Site "Spring Lake, MI"]
[Date "2003.02.01"]
[Round "5"]
[White "Dvorak, Zac"]
[Black "Schreiber, Stuart"]
[Result "1-0"]
[WhiteElo "900"]
[BlackElo "377"]
[PlyCount "71"]
[EventDate "2003.02.01"]

1. e4 d5 2. d3 c6 3. exd5 cxd5 4. g3 Nd7 5. Bg2 Nb6 6. Nf3 Nf6 7. O-O e6 8. Bg5
Bb4 9. c3 Ba5 10. b4 Bxb4 11. cxb4 h6 12. Bxf6 gxf6 13. Nc3 O-O 14. Nd4 Bd7 15.
a4 e5 16. Nb3 Qe7 17. Nxd5 Nxd5 18. Bxd5 Rae8 19. b5 a6 20. bxa6 bxa6 21. Re1
Ra8 22. Bb7 Rab8 23. Bxa6 Rxb3 24. Qxb3 Ra8 25. Bc4 Qe8 26. a5 Qd8 27. a6 Qc7
28. Qb7 Rb8 29. Qxc7 Rc8 30. Qxd7 Rd8 31. Qxd8+ Kg7 32. Re4 h5 33. g4 hxg4 34.
Rxg4+ Kh7 35. Qg8+ Kh6 36. Qh8# 1-0

[Event "Michigan Elementary Team K-6"]
[Site "Spring Lake, MI"]
[Date "2003.02.01"]
[Round "5"]
[White "Brereton, Justin"]
[Black "Anderson, Neal"]
[Result "0-1"]
[WhiteElo "1219"]
[BlackElo "1395"]
[PlyCount "66"]
[EventDate "2003.02.01"]

1. e4 c5 2. Nf3 d6 3. c3 Nc6 4. d4 cxd4 5. cxd4 e6 6. Nc3 Nge7 7. Bb5 Bd7 8.
Bf4 Ng6 9. Bg3 a6 10. Ba4 Rb8 11. O-O b5 12. Bb3 Na5 13. Bc2 Nc4 14. b3 Na3 15.
Bd3 Rc8 16. Rc1 a5 17. Qd2 b4 18. Qb2 bxc3 19. Qxa3 d5 20. Bd6 Bxd6 21. Qxd6
Qe7 22. Qxe7+ Nxe7 23. e5 f6 24. exf6 gxf6 25. Rc2 h5 26. Rfc1 Kf7 27. Rxc3
Rxc3 28. Rxc3 Rc8 29. Rxc8 Nxc8 30. Nh4 f5 31. f4 Kf6 32. Nf3 Nd6 33. Ne5 Be8 {
Remainder unavailable.} 0-1

[Event "Michigan Elementary Team K-6"]
[Site "Spring Lake, MI"]
[Date "2003.02.01"]
[Round "5"]
[White "Autera-Polzin, Chris"]
[Black "Morley, Sarah"]
[Result "1-0"]
[WhiteElo "1170"]
[BlackElo "740"]
[Annotator "Tim McGrew"]
[PlyCount "45"]
[EventDate "2003.02.01"]

1. e4 e5 2. Nf3 Nc6 3. Bc4 Nf6 ({C. J. S. Purdy used to recommend} 3... Be7 {
as a way for Black to avoid all Ng5 tricks and traps in the opening. It is a
bit passive, but it certainly would have spared Black some unpleasantness.}) 4.
Ng5 {"A duffer's move," Tarrasch scoffed, but in junior tournaments it is one
of the most successful ideas for White since almost no one knows how to deal
with it.} Qe7 $2 {Since Black cannot afford to capture on f7 with the queen,
this simply gums up Black's position. But where are the better moves? Here are
three:} (4... d5 $1 {This is the most popular move and probably the strongest
one. After} 5. exd5 Na5 $1 {Black's knight looks odd on the edge but White's
minor pieces get beaten back, e.g.} 6. Bb5+ c6 7. dxc6 bxc6 8. Be2 h6 9. Nf3 e4
{and Black's space and development offer excellent compensation for the pawn.})
(4... Bc5 $5 {The Traxler/Wilkes-Barre Variation is an absolute labyrinth. One
of my favorite variations runs} 5. Nxf7 {(probably not best)} Bxf2+ $1 6. Kxf2
Nxe4+ 7. Ke3 Qh4 {and Black has a raging attack.} 8. Nxh8 {loses immediately to
} Qf4+ 9. Ke2 Qf2+ 10. Kd3 Nb4+ 11. Kxe4 Qf4#) (4... Nxe4 $5 {is a crazy line
that Tim Harding has written about on the chesscafe.com website. It is
insufficient against best play (I think!) but it can yield amazing counterplay
against inaccurate defense, e.g.} 5. Nxf7 Qh4 6. O-O Bc5 7. Nxh8 Bxf2+ {and
White must give up the exchange since} 8. Kh1 $4 {is met by} Ng3#) 5. Bxf7+ Kd8
6. Bc4 Ke8 7. O-O h6 8. Nf7 Rh7 $1 {This is pretty canny, however. The knight
is in some trouble and cannot easily be extracted. Black's next goal must be
to distract the bishop from the defense of the knight.} 9. f4 $2 {Oops! This
exposes White's king.} b5 $2 {Black's undefended piece scanner isn't tuned in.}
(9... Qc5+ $1 10. Kh1 Qxc4 {turns the tables, and now White is the one who has
to find justification for some missing material.}) 10. Bb3 Nxe4 11. Qh5 Nf6 12.
Qg6 $1 {Staying on for the discovered check is the best way to handle the
position. Now Black is out of resources.} d5 13. Nxe5+ $1 Kd8 14. Nxc6+ {Oh
dear!} Kd7 15. Nxe7 Kxe7 16. Re1+ Be6 17. Bxd5 Rd8 18. Rxe6+ Kd7 19. Qf7+ Be7
20. Rxe7+ Kc8 21. Rxc7+ Kb8 22. Rc8+ $1 {A nice flourish at the end.} Rxc8 23.
Qb7# 1-0

[Event "GCCC February 2-Week Swiss"]
[Site "Flint, MI"]
[Date "2003.02.05"]
[Round "2.3"]
[White "Fick II, Douglas"]
[Black "Aldrich, Jeff"]
[Result "1/2-1/2"]
[WhiteElo "1599"]
[BlackElo "1900"]
[PlyCount "64"]
[EventDate "2003.02.05"]

1. e4 c6 2. d4 d5 3. exd5 cxd5 4. c4 Nf6 5. Nc3 e6 6. Nf3 Nc6 7. Bg5 Be7 8. Bd3
h6 9. Bh4 O-O 10. O-O a6 11. cxd5 Nxd5 12. Bxe7 Ncxe7 13. Be4 Rb8 14. Qb3 Nf6
15. Bc2 b5 16. Ne4 Ng6 17. Nxf6+ Qxf6 18. Be4 Rd8 19. Rad1 Nf4 20. Qe3 Nd5 21.
Qd3 Bb7 22. Rfe1 Rd7 23. Ne5 Rd6 24. Rd2 Rbd8 25. Red1 Qg5 26. Qf3 f5 27. Bc2
Ba8 28. Qg3 Nb4 29. Bb3 Bd5 30. Bxd5 Nxd5 31. Qxg5 hxg5 32. a3 Nf6 $138 1/2-1/2

[Event "GCCC February 2-Week Swiss"]
[Site "Flint, MI"]
[Date "2003.02.05"]
[Round "1.3"]
[White "Aldrich, Jeff"]
[Black "Thach, Scott"]
[Result "1-0"]
[WhiteElo "1900"]
[BlackElo "1336"]
[PlyCount "41"]
[EventDate "2003.02.05"]

1. d4 Nf6 2. c4 e6 3. Nc3 b6 4. e4 Bb4 5. f3 h6 6. Bd3 Bxc3+ 7. bxc3 Ng8 8. Ne2
Ne7 9. O-O O-O 10. Qe1 Ba6 11. e5 Nf5 12. Nf4 Nc6 13. g4 Nh4 14. Qe4 g6 15. Nh5
Kh7 16. Nf6+ Kg7 17. g5 Nf5 18. gxh6+ Nxh6 19. Bxh6+ Kxh6 20. Qh4+ Kg7 21. Qh7#
1-0

[Event "Chess Express February Action"]
[Site "Ann Arbor, MI"]
[Date "2003.02.09"]
[Round "1"]
[White "Pomerantz, Daniel"]
[Black "Finegold, Ben"]
[Result "0-1"]
[WhiteElo "1369"]
[BlackElo "2640"]
[PlyCount "54"]
[EventDate "2003.02.09"]

1. Nf3 c5 2. g3 Nc6 3. Bg2 g6 4. O-O Bg7 5. d3 d6 6. Nbd2 Nf6 7. e4 O-O 8. Re1
Rb8 9. c3 b5 10. d4 cxd4 11. cxd4 Bg4 12. e5 dxe5 13. dxe5 Nd5 14. Qb3 Na5 15.
Qd3 Nb4 16. Qxd8 Rfxd8 17. Re4 Nc2 18. Rb1 Bf5 19. Rf4 Rbc8 20. g4 Bd3 21. Ng5
Bxe5 22. Rxf7 Bf6 23. Rxh7 Bxg5 24. Rh3 Ne1 25. Ra1 Nxg2 26. Kxg2 Bxd2 27. Bxd2
Be4+ 0-1

[Event "Chess Express February Action"]
[Site "Ann Arbor, MI"]
[Date "2003.02.09"]
[Round "4"]
[White "Finegold, Ben"]
[Black "Kvatadze, David"]
[Result "1-0"]
[WhiteElo "2640"]
[BlackElo "1918"]
[PlyCount "53"]
[EventDate "2003.02.09"]

1. d4 d6 2. Nf3 Nf6 3. c4 Nbd7 4. Nc3 e5 5. Bg5 Be7 6. e3 O-O 7. Be2 c6 8. O-O
Ne8 9. Bxe7 Qxe7 10. b4 e4 11. Nd2 f5 12. b5 g5 13. bxc6 bxc6 14. Rb1 Ndf6 15.
Qa4 Qc7 16. f3 exf3 17. Bxf3 Bd7 18. g3 Ng7 19. Nb3 Rfe8 20. Rbe1 Re7 21. Qa5
Qxa5 22. Nxa5 Rc8 23. e4 fxe4 24. Bxe4 Kf7 25. Rxf6+ Kxf6 26. Rf1+ Ke6 27. Bd5+
1-0

[Event "Chess Express February Action"]
[Site "Ann Arbor, MI"]
[Date "2003.02.09"]
[Round "2"]
[White "Finegold, Ben"]
[Black "Ho, Randy"]
[Result "1-0"]
[WhiteElo "2640"]
[BlackElo "1872"]
[PlyCount "55"]
[EventDate "2003.02.09"]

1. d4 d6 2. Nf3 Bg4 3. e4 e6 4. h3 Bh5 5. Bd3 Nc6 6. g4 Bg6 7. d5 Nb4 8. Nc3 e5
9. Be2 Qd7 10. a3 Na6 11. Bb5 c6 12. dxc6 bxc6 13. Bxa6 Nf6 14. Bd3 Be7 15. Bg5
h5 16. Bxf6 gxf6 17. Nh4 hxg4 18. Qxg4 f5 19. Nxf5 Bxf5 20. Qxf5 Qb7 21. O-O-O
Rb8 22. b3 Rh6 23. Rhg1 Re6 24. Bc4 d5 25. exd5 Bxa3+ 26. Kb1 Qb4 27. dxe6 Qxc3
28. Qxf7# 1-0

[Event "Chess Express February Action"]
[Site "Ann Arbor, MI"]
[Date "2003.02.09"]
[Round "3"]
[White "Baze, Lineas"]
[Black "Finegold, Ben"]
[Result "0-1"]
[WhiteElo "2000"]
[BlackElo "2640"]
[PlyCount "87"]
[EventDate "2003.02.09"]

1. e4 Nf6 2. Nc3 e5 3. Nf3 Nc6 4. Bb5 Bc5 5. O-O O-O 6. d3 d6 7. Bg5 h6 8. Bh4
Be6 9. Nd5 Bxd5 10. exd5 Nd4 11. Nxd4 Bxd4 12. c3 Bb6 13. c4 g5 14. Bg3 h5 15.
h3 Kg7 16. Kh1 Rh8 17. b4 Bd4 18. Rc1 a5 19. bxa5 h4 20. Bh2 Nh5 21. Qg4 Rxa5
22. f4 f5 23. Qxf5 gxf4 24. Qg4+ Kh6 25. Qe6+ Qf6 26. Bd7 Rxa2 27. Rf3 Qxe6 28.
dxe6 Nf6 29. Bxf4+ exf4 30. Rxf4 Be5 31. Rxh4+ Kg7 32. Rxh8 Kxh8 33. Bc8 b6 34.
g4 Rh2+ 35. Kg1 Rxh3 36. e7 Kg7 37. Rf1 Rh8 38. Bf5 Re8 39. g5 Ng8 40. Rf3 Nxe7
41. Be4 Rh8 42. Kf2 Rh5 43. g6 Nxg6 44. Ke3 0-1

[Event "Flint February Tuesday Night Swiss"]
[Site "Flint, MI"]
[Date "2003.02.11"]
[Round "2"]
[White "Smith, Michael R"]
[Black "Vandivier, Don"]
[Result "1/2-1/2"]
[WhiteElo "1890"]
[BlackElo "1906"]
[Annotator "Don Vandivier"]
[PlyCount "69"]
[EventDate "2003.02.04"]

1. e4 c5 2. Nf3 d6 3. d4 cxd4 4. Nxd4 Nf6 5. Nc3 g6 6. Be3 Bg7 7. f3 O-O 8. Qd2
Nc6 9. Bc4 Bd7 10. h4 Ne5 11. Bb3 Qa5 12. O-O-O Rfc8 13. Kb1 Nc4 14. Bxc4 Rxc4
15. Nb3 Qc7 16. Bh6 Bxh6 17. Qxh6 Rxc3 18. bxc3 Qxc3 19. Qd2 Qc7 20. g4 Bxg4
21. fxg4 Nxe4 22. Qd4 Nc3+ 23. Kb2 Nxd1+ 24. Rxd1 Rc8 25. Rd2 b5 26. h5 a5 27.
h6 f6 28. Qd5+ Kf8 {And now White realizes that taking the b-pawn immediately
would be a mistake, but finds} 29. Nd4 Qc3+ 30. Kb1 Rc4 31. Ne6+ Ke8 32. Qxb5+
Kf7 33. Nd8+ Kf8 34. Ne6+ Kf7 35. Nd8+ 1/2-1/2